00873cam a22002293a 450000100060000000300060000600500170001200800410002904000150007004200070008505000090009210000340010124502680013526000290040350600300043251600200046265300340048265300240051670000320054083000290057285600420060119856PGUSA20140828083424.0061117s2006||||xxu|||||s|||||000 | eng d aPGUSAbeng adc 4aE0111 aMindeleff, Victor,d1860-194812aA Study of Pueblo Architecture :bTusayan and Cibola : Eighth Annual Report of the Bureau of Ethnology to the Secretary of the Smithsonian Institution, 1886-1887, Government Printing Office, Washington, 1891, pages 3-228h[electronic resource] /cVictor Mindeleff bProject Gutenberg,c2006 aPublic domain in the USA. aElectronic text aPueblo Indians -- Antiquities aPueblo architecture1 aNichols, Hobart,d1869-1962 0aProject Gutenbergv1985640uhttp://www.gutenberg.org/ebooks/19856